000 00609nam a2200253Ia 4500
003 OSt
005 20221005115513.0
006 a|||||r|||| 00| 0
007 ta
008 221004b |||||||| |||| 00| 0 tam d
024 _a46797
037 _cTextual
040 _aCRL
_cCRL
_btam
041 _2tam
_atam
082 _aNR21,91wM96, 31J4
100 _aEllarvi
_9625423
245 0 _aChembaichelvam
260 _c1954
300 _a240p.
_ccm.
650 _a MUSIC
_917402
650 _aARTS
942 _hNR21,91wM96, 31J4
_cTEXL
_2cc
999 _c1035038
_d1035038